Nazioni Miglior portiere dell'anno IFFHS - Statistics

Statistiche generali
  • Questo quiz è stato fatto 22 volte
  • Il punteggio medio è 8 su 10
Statistiche sulle risposte
Continente Numero edizioni Edizioni vinte Nazione % Corretto
America del Sud 1 2019 Brasile
100%
Europa 9 1989; 1990; 1991; 2003; 2004; 2006; 2007; 2017; 2021 Italia
100%
Europa 5 2008; 2009, 2010; 2011; 2012 Spagna
100%
Europa 1 2000 Francia
95%
Europa 9 1996; 1999; 2001; 2002; 2013; 2014; 2015; 2016; 2020 Germania
90%
Asia / Europa 1 1988 Unione Sovietica
90%
Europa 4 1987; 1994; 2018; 2022 Belgio
71%
Europa 2 1992; 1993 Danimarca
62%
America del Sud 3 1995; 1997; 1998 Paraguay
48%
Europa 1 2005 Repubblica Ceca
43%
Nessun quiz corrispondente trovato
Distribuzione punteggi
Percentuale di utenti per punteggio
Percentile per numero di risposta
I tuoi punteggi nel tempo
Non hai fatto questo quiz